000 00647nam a2200217 i 4500
001 74555
003 BD-RjUL
005 20211209082553.0
008 181024s1956 u ||||| i||| 001 0 eng d
035 _a(BD-RjUL)
040 _aBD-RjUL
_beng
_cBD-RjUL
041 _aeng
082 _223
_a530.15
_bJEM 1956
100 _aCourant, Richard,
_d1888-1972.
_9224151
245 _aMethods of mathematical physics /
_cby R. Courant and D. Hilbert.
260 _aCambridge :
_bUniversity press ,
_c1956
300 _aIX ,714 P. :
_bill ;
_c24 cm.
500 _aIncludes bibliography and Index
650 _aMathematical physics.
_9224152
942 _2ddc
_cBK
999 _c74555
_d74555